LEADER 01542nam 2200433 450 001 000014760 005 20050718115500.0 010 $a0-7148-3628-1 100 $a20030704d1995----km-y0itay0103----ba 101 0 $aeng 102 $aGB 200 1 $aHans Scharoun$fPeter Blundell Jones 210 $aLondon$cPhaidon$dc1995 215 $a240 p.$cill.$d29 cm. 600 1$aScharoun,$bHans 606 $aArchitettura$yGermania$zSec. 20 676 $a720.92$v(21. ed.)$9Architetti 700 1$aBlundell-Jones,$bPeter$0441586 702 1$aScharoun,$bHans 801 0$aIT$bUniversità della Basilicata - B.I.A.$gRICA$2unimarc 912 $a000014760 996 $aHans Scharoun$980365 997 $aUNIBAS BAS $aMONING BAS $aINGEGNERIA CAT $aSTD025$b01$c20030704$lBAS01$h1207 CAT $aTORRE$b20$c20030710$lBAS01$h1329 CAT $aTORRE$b20$c20030710$lBAS01$h1333 CAT $aTORRE$b20$c20030711$lBAS01$h0942 CAT $aTORRE$b20$c20030716$lBAS01$h1125 CAT $aTORRE$b20$c20030722$lBAS01$h1054 CAT $c20050601$lBAS01$h1755 CAT $abatch$b01$c20050718$lBAS01$h1052 CAT $c20050718$lBAS01$h1111 CAT $c20050718$lBAS01$h1141 CAT $c20050718$lBAS01$h1155 FMT Z30 -1$lBAS01$LBAS01$mBOOK$1BASA2$APolo Tecnico-Scientifico$2DID$BDidattica$3PTS.s1.p40.3$6100178$5T100178$820030709$f04$FPrestabile Didattica Z30 -1$lBAS01$LBAS01$mBOOK$1BASA4$APolo di Matera$2DID$BDidattica$3MVL-I-R-21$6100221$5T100221$820030716$f04$FPrestabile Didattica LEADER 01503nam 2200517 450 001 9910796998003321 005 20230126220031.0 010 $a1-5124-6664-6 035 $a(CKB)4100000005116156 035 $a(MiAaPQ)EBC5445696 035 $a(Au-PeEL)EBL5445696 035 $a(CaPaEBR)ebr11590326 035 $a(OCoLC)945550051 035 $a(EXLCZ)994100000005116156 100 $a20190119d2017 uy 1 101 0 $aeng 135 $aurcnu|||||||| 181 $ctxt$2rdacontent 182 $cc$2rdamedia 183 $acr$2rdacarrier 200 10$aMiddlemarch /$fby George Eliot 210 1$aMinneapolis, Minnesota :$cFirst Avenue Editions,$d2017. 215 $a1 online resource (699 pages) 225 1 $aFirst Avenue classics 410 0$aFirst Avenue classics. 606 $aTriangles (Interpersonal relations)$vFiction 606 $aCity and town life$zEngland$vFiction 606 $aYoung women$zEngland$vFiction 606 $aSocial reformers$vFiction 606 $aMarried people$vFiction 606 $aScholars$vFiction 615 0$aTriangles (Interpersonal relations) 615 0$aCity and town life 615 0$aYoung women 615 0$aSocial reformers 615 0$aMarried people 615 0$aScholars 676 $a823.8 700 $aEliot$b George$f1819-1880,$0165372 801 0$bMiAaPQ 801 1$bMiAaPQ 801 2$bMiAaPQ 906 $aBOOK 912 $a9910796998003321 996 $aMiddlemarch$971231 997 $aUNINA